Visualizzazione normale
Vista MARC
- RELIGIOSO
di Topical Term
Records bibliografici associati: 1
001 - CONTROL NUMBER
- control field: 42829
003 - CONTROL NUMBER IDENTIFIER
- control field: IT-RoPau
005 - DATE AND TIME OF LATEST TRANSACTION
- control field: 20151127092541.0
008 - FIXED-LENGTH DATA ELEMENTS
- fixed length control field: 151127|| aca||aabn | a|a d
040 ## - CATALOGING SOURCE
- Original cataloging agency: IT-RoPau
- Transcribing agency: IT-RoPau
150 ## - HEADING--TOPICAL TERM
- Topical term or geographic name entry element: RELIGIOSO
- : FILMS [VHS]
- General subdivision: Codice MATERIA SPICS: 9960
670 ## - SOURCE DATA FOUND
- Source citation: Work cat.: (IT-RoPau)105690: Akkad Moustapha Codice regista SPICS: 48281 42827, MESSAGE (THE) - MOHAMMAD, MESSENGER OF GOD MESSAGE (THE) - MOHAMMAD, MESSENGER OF GOD (Rif. Codice opera principale : E4179)